Popular furniture A-Z - Statistics

General Stats
  • This quiz has been taken 57 times
  • The average score is 7 of 21
Answer Stats
Letter Furniture % Correct
C Chair, couch, chess table, changing table, closet, chest
100%
B Bench, bed, billiard table, bookcase, bar stool
93%
D Day bed, desk, dinner table, dresser
82%
S Stool, sofa, screen, sconce, sideboard, shelf
82%
A Armchair
52%
L Lamp, lounge chair, lawn chair, love seat
52%
O Office chair/ desk, ottoman, oven
50%
T TV, tea cart, tuffet, trundle bed, tea stand
36%
W Writing table, washstand, wine table, wardrobe
36%
M Mirror, moon chair, mantle, mood lamp, make-up table
30%
F File cabinet, footstool, folding screen, futon, fauteuil
23%
N Nightstand, night table
23%
R Rack, room divider, recliner, radiator, reading chair, refridgerator
18%
V Valet, vitrine, vanity
16%
E End table, easy chair
14%
J Jacket cupboard, jewellery cabinet/cupboard
11%
H Home bar, hat stand, hall tree, hassock
7%
I Island, ice chest
2%
P Piano bench, picnic table, porch swing, pew
2%
G Game table, garden bench, gateleg table
0%
K Kitchen island, kitchen cabinet
0%
No matching quizzes found
Score Distribution
Percent of People with Each Score
Percentile by Number Answered
Your Score History
You have not taken this quiz